| 000 | 00501nam a22001817a 4500 | ||
|---|---|---|---|
| 003 | OSt | ||
| 005 | 20220107122846.0 | ||
| 008 | 181127b xxu||||| |||| 00| 0 eng d | ||
| 020 | _a9781119439196 | ||
| 040 | _cIIITMK | ||
| 082 | _a006.31 KNO/M | ||
| 100 |
_aKnox, Steven W. _915084 |
||
| 245 |
_aMachine learning: _bA concise introduction _cSteven W Knox |
||
| 260 |
_aHoboken, _bWiley, _c2018. |
||
| 300 | _axix 320p. | ||
| 440 |
_aWiley series in probability and statistics _915085 |
||
| 942 |
_2ddc _cBK |
||
| 999 |
_c6269 _d6269 |
||